Quizzes
Events
Quiz Creation
Community
Videos
Private Events
Remove Ads
Sign In
Join for FREE
Feedback
Dark Mode
Quiz Categories
Sports
Geography
Music
Movies
Television
Just For Fun
Miscellaneous
History
Literature
Language
Science
Gaming
Entertainment
Religion
Holiday
For Kids
Quiz Lab
Recent
Popular Today
Quiz Kudos Today
Editor Picks
Curator Picks
Quizzes by...
Day
Popularity
Type
Ratings
Length
Year
Community
Subscriptions
Recent Discussions
Orange Saloon
Badges
Playlists
Quests
Create
Leaderboards
Showdown
Live 5
Trivia Bingo
Activity
Puzzle Library
Sporcle Events
Private Events
Virtual Trivia
Globe League
Become a Host
Pub Owners
SporcleCon
Opinionation
Our Games
Videos
Blog
Mobile Apps
Partnerships
Remove Ads and Go Orange
Feedback
Geography
Country
Landmarks
City
State
Population
World
Capital
Continent
Flags
Europe
Africa
Asia
South America
North America
Oceania
Border
Canada
United Kingdom
Topography
United States
Geography
Country
Landmarks
City
State
Population
World
Capital
Continent
Flags
Europe
Africa
Asia
South America
North America
Oceania
Border
Canada
United Kingdom
Topography
United States
Random Quiz
Search Sporcle
×
Quiz Lab
Quiz Lab
Geography
City
Type in answers that appear in a list
Type in answers that appear in a list
Classic
Best Score? Go Orange.
200 Busiest US Airports Stats
Can you name the 200 Busiest US Airports?
By
WadeGarrett
15m
200 Questions
6,495 Plays
6,495 Plays
6,495 Plays
Comments
Comments
Give Quiz Kudos
Give Quiz Kudos
-
- Ratings
hide this ad
More Info
Replay
Link that replays current quiz
Next Quiz
Link to next quiz in quiz playlist
You Got
0%
They Got
Avg Score
63%
Avg Friend Score
Upgrade to see
Score Distribution
Jump to the score distribution portion of the page
Score
0/200
Timer
15:00
0
Plays Today
State
City/Airport
% Correct
Georgia
Atlanta
97.6%
California
Los Angeles
96.1%
Illinois
Chicago-O'Hare
94.6%
Nevada
Las Vegas
94.5%
New York
New York-JFK
94.2%
Colorado
Denver
94.2%
California
San Diego
93.5%
Arizona
Phoenix
92.7%
Florida
Miami
92.5%
New Jersey
Newark
92%
California
San Francisco
91.5%
Massachusetts
Boston
91.5%
Florida
Orlando International
91.4%
Michigan
Detroit
90.8%
Minnesota
Minneapolis/St. Paul
90.4%
Washington
Seattle/Tacoma
90.3%
Pennsylvania
Philadelphia
90.1%
North Carolina
Charlotte
89.1%
Oregon
Portland
88.6%
Hawaii
Honolulu
88.4%
Maryland
Baltimore/Washington
88.4%
New York
New York-LaGuardia
88.1%
Florida
Tampa
88.1%
Utah
Salt Lake City
87.6%
Texas
Dallas-Love Field
87.5%
Texas
Houston-Hobby
87.1%
Texas
Dallas/Fort Worth
86.3%
Missouri
St. Louis
85.6%
Ohio
Cleveland
85.4%
Pennsylvania
Pittsburgh
85.3%
Tennessee
Nashville
84.9%
Tennessee
Memphis
84.5%
Texas
Austin
84.4%
Missouri
Kansas City
84.2%
Louisiana
New Orleans
84%
Virginia
Washington-Dulles
83.9%
North Carolina
Raleigh/Durham
83.7%
Indiana
Indianapolis
83.5%
Kentucky
Cincinnati
83.2%
Tennessee
Chattanooga
83%
Ohio
Columbus
82.2%
Illinois
Chicago-Midway
81.9%
Oklahoma
Oklahoma City
81.9%
Texas
Houston-George Bush Intercontinental
81.6%
Texas
San Antonio
81.6%
New York
Albany
81.5%
Florida
Jacksonville
81.4%
Maine
Portland
81.4%
New York
Buffalo
81%
Wisconsin
Milwaukee
80.8%
Kentucky
Louisville
80.1%
Alaska
Anchorage
80%
California
Oakland
79.6%
California
Sacramento
79.6%
Virginia
Washington-Ronald Reagan National
79.5%
Virginia
Richmond
79.4%
Idaho
Boise
79.3%
Wyoming
Jackson Hole
78.9%
Arizona
Tucson
78.5%
Texas
El Paso
78.1%
Nevada
Reno/Tahoe
77.7%
Mississippi
Jackson
77.6%
California
San Jose
77.5%
Arkansas
Little Rock
77.2%
Alabama
Birmingham
77%
Oklahoma
Tulsa
76.9%
Nebraska
Omaha
76.8%
State
City/Airport
% Correct
Rhode Island
Providence
76.2%
South Carolina
Charleston
76%
Connecticut
Hartford/Springfield
75.8%
Iowa
Des Moines
75.4%
Colorado
Colorado Springs
74.8%
New Mexico
Albuquerque
74.7%
New York
Rochester
74%
Wisconsin
Madison
73%
Washington
Spokane
72.9%
Ohio
Dayton
72.8%
California
Burbank
71.8%
Virginia
Norfolk
71.6%
West Virginia
Charleston
71.3%
Georgia
Savannah/Hilton Head
71.1%
Florida
Fort Lauderdale/Hollywood
70.9%
California
Orange County
70.2%
New York
Syracuse
69.6%
Kansas
Wichita
68.8%
Louisiana
Baton Rouge
68.8%
Tennessee
Knoxville
68.6%
Kentucky
Lexington
68.3%
California
Fresno
68.3%
South Carolina
Columbia
68.1%
Montana
Billings
68.1%
Michigan
Grand Rapids
68%
North Carolina
Greensboro
67.7%
Missouri
Springfield/Branson
67.6%
New Hampshire
Manchester
67.5%
Florida
Tallahassee
66.9%
Alabama
Mobile
66.9%
Ohio
Akron/Canton
65.8%
Hawaii
Kahului
64.4%
Michigan
Lansing
64.1%
Wisconsin
Green Bay
64%
Florida
Southwest Florida
63.9%
North Dakota
Fargo
63.7%
Alaska
Juneau
63.6%
Alaska
Fairbanks
63.4%
Ohio
Toledo
63.2%
Alabama
Montgomery
62.6%
Oregon
Eugene
62.3%
Florida
St. Petersburg/Clearwater
61.7%
Pennsylvania
Harrisburg
61.4%
South Dakota
Sioux Falls
61.2%
Florida
Palm Beach
60.9%
California
Long Beach
59.9%
California
Ontario
59.8%
Vermont
Burlington
59.8%
Nebraska
Lincoln
59.6%
Texas
Lubbock
59.1%
Hawaii
Hilo
58.6%
Indiana
Fort Wayne
58%
Alabama
Huntsville/Decatur
57.7%
Louisiana
Shreveport
57.6%
Florida
Pensacola
57.4%
Georgia
Augusta
56.6%
Texas
Amarillo
56.1%
Florida
Key West
55.5%
Texas
Corpus Christi
55.5%
South Carolina
Greenville/Spartanburg
55.3%
Michigan
Flint
54.5%
New Jersey
Atlantic City
54.1%
Maine
Bangor
54.1%
Iowa
Cedar Rapids
53.8%
South Carolina
Myrtle Beach
53.7%
New York
Long Island
53.5%
North Dakota
Bismarck
53.5%
State
City/Airport
% Correct
Indiana
South Bend
53%
North Carolina
Wilmington
52.5%
California
Bakersfield
52.3%
Mississippi
Gulfport/Biloxi
52.3%
Arkansas
Northwest Arkansas
52%
North Carolina
Fayetteville
51.3%
Pennsylvania
Allentown
51.1%
Florida
Daytona Beach
50.2%
Pennsylvania
Wilkes-Barre/Scranton
49.4%
Virginia
Roanoke
49%
California
Palm Springs
48.4%
Minnesota
Duluth
48.2%
Montana
Missoula
47.9%
Florida
Sarasota/Bradenton
47.4%
New York
Westchester County
47.2%
Illinois
Quad Cities
46.7%
Colorado
Aspen
46.7%
North Carolina
Asheville
46.7%
Illinois
Peoria
46.6%
Texas
Midland/Odessa
46.2%
California
Santa Barbara
46%
Hawaii
Kona
45.8%
Florida
Gainesville
45.5%
Indiana
Evansville
45.4%
Montana
Bozeman
45.1%
Virginia
Newport News/Williamsburg
45%
Colorado
Vail-Eagle
44.4%
South Dakota
Rapid City
44%
Florida
Orlando-Sanford
43.6%
Arizona
Phoenix-Mesa Gateway
43.3%
Louisiana
Lafayette
43.2%
Minnesota
Rochester
43.1%
Hawaii
Lihue
40.1%
Florida
Panama City Beach
39%
Texas
McAllen
38.3%
Idaho
Idaho Falls
37.7%
Virginia
Charlottesville
37.5%
Michigan
Kalamazoo/Battle Creek
36.7%
Colorado
Grand Junction
36%
Wisconsin
Appleton
35.9%
Montana
Great Falls
35.6%
Illinois
Bloomington
35.4%
Oregon
Medford
35%
Massachusetts
Nantucket
34.2%
Arizona
Grand Canyon
34.1%
Tennessee
Bristol
33.9%
Louisiana
Alexandria
33.4%
Florida
Northwest Florida
33%
Washington
Bellingham
32.5%
Florida
Melbourne
32.5%
Pennsylvania
State College
31.8%
New York
Newburgh
30.8%
Michigan
Traverse City
29.6%
California
Monterey
29.5%
Michigan
Saginaw
28.8%
Texas
Killeen
28.1%
Colorado
Steamboat Springs
27.7%
Montana
Kalispell
27.7%
California
San Luis Obispo
27.5%
Colorado
Durango
27.3%
Texas
Harlingen
26.9%
Wisconsin
Central Wisconsin
26.4%
Massachusetts
Hyannis
26.3%
Washington
Pasco
26.3%
Oregon
Redmond
22.5%
Alaska
Bethel
20.5%
Quiz Playlist
Details
Report
Send in Message
Add To Playlist
More Info:
Airports in US territories and dependencies (e.g., Puerto Rico, Guam, US Virgin Islands) are not included.
Classic:
Type in answers that appear in a list
Quiz Source
Last Updated: Feb 16, 2017
Quiz Scoreboard
CHALLENGE
Sign Up to Join the Scoreboard
Show All
Scores
Hide
Comments
May contain spoilers
Recently Published
Alphabetical 'K' Countries by Flag Minefield
by ylime102
Geography
3m
Pick 6: Fruits
by JohnFran
Miscellaneous
15s
Click the 1999 NBA Draft
by nibperrychub
Sports
2m
More to Explore
Quiz From the Vault
Featured Blog Post
15 Basketball Trivia Facts You Can Be March Mad About
hide this ad
You Might Also Like...
Tags
City Quiz
State Quiz
200
airport
Today's Top Quizzes in Geography
Browse Geography
hide this ad
Today's Top Quizzes in City
Browse City
Top Contributed Quizzes in Geography
1
Countries of the World - No Outlines Minefield
2
Pick 6: Mountains
3
Alphabetical 'L' Countries By Flag Minefield
4
Lietuvos savivaldybės (Lithuanian Municipalities)
5
Least Populated Answer: 'G' Countries
6
African Flag Reveal XXXVI
7
Pick 6: US States
8
Pick 6: National Parks
9
Alphabetical 'M' Countries By Flag Minefield
10
Complete the Map Snippet (Minefield) IX
Explore More
Trending Topics
Disney
Crossword
Harry Potter
Anime
NBA
Kpop
Marvel
WWE
Pokémon
Country
Soccer
Puzzle
The Office
NFL
Song
hide this ad
More By:
WadeGarrett
Quiz
Plays
Rating
Category
Featured
Created
Southwest Airlines Cities
7,600
4.22
Geography
Dec 4, 2009
200 Busiest US Airports
6,495
3.76
Geography
May 18, 2010
Largest Texas Metro Areas
4,763
4.65
Geography
Oct 15, 2009
New US Cities in the Top 100
2,803
3.85
Geography
Feb 25, 2010
Emirates Destinations
2,565
3.36
Geography
Dec 4, 2009
Go to Creator's Profile
Score Distribution
Quiz Creator Spotlight
WadeGarrett
Follow
Send a Message
Quizzes Created
-
Created Quiz Play Count
-
More By This Creator
Popular Quizzes Today
1
Find the US States - No Outlines Minefield
2
Countries of Asia Without Outlines Minefield
3
Pick 6: Fruits
4
Alphabetical 'K' Countries by Flag Minefield
5
The Countries of the World
6
Find the US States
7
Match the Book to the Film X
8
Click the 1999 NBA Draft
More Geography Quizzes
Africa: Four-Border Countries
Published
Trending Quizzes
Pick 6: Harry Potter
Pick 6: Mountains
Pick 6: NFL Teams
Pick 6: Movie Franchises
Pick 6: Golfers
Recently Updated
Women's Final Four Teams by Year
bhenderson79
Presidents Quartet II
eogle
Anything But Clue(do)
eogle
Anything But Oceanian Capitals
eogle
Anything But 7
eogle
Anything But Thing
eogle
Word Ladder: February 29
pecheneg
Song Title Questions
pecheneg
Women's NCAA Tournament #1 Seeds
pecheneg
Celebrity Mug Shots
pecheneg
Trending Topics
NBA
Disney
Anime
Marvel
Kpop
Harry Potter
Crossword
Puzzle
Song
Pokémon
WWE
NFL
Soccer
The Office
Country
Your Account Isn't Verified!
In order to create a playlist on Sporcle, you need to verify the email address you used during registration. Go to your
Sporcle Settings
to finish the process.
Report this User
Report this user for behavior that violates our
Community Guidelines
.
Details:
Send Report
Go to the Sporcle.com Mobile Site →
Comments